Quyển sách tuyệt vời về khoa học

Cung cấp những kiến thức cơ bản về khoa học giúp con người khám phá các hiện tượng khoa học xảy ra xung quanh chúng ta như: Những vụ nổ lớn, phản ứng hoá học, những vật liệu kỳ diệu, vũ trụ khổng lồ......

Popoln opis

Shranjeno v:
Bibliografske podrobnosti
Korporativna značnica: Thảo Nguyên Dịch
Format: Knjiga
Jezik:Vietnamese
Izdano: H. Thế giới 2019
Izdaja:In lần đầu
Teme:
Oznake: Označite
Brez oznak, prvi označite!
Thư viện lưu trữ: Thư viện Trường Đại học Nam Cần Thơ
LEADER 01099nam a22002057a 4500
001 NCT_4_024729
008 250625b xxu||||| |||| 00| 0 vie d
999 |c 9219  |d 9219 
020 |a 9786047766147  |c 199000 
082 0 4 |2 23rd ed.  |a 500  |b Q527S 
245 0 0 |a Quyển sách tuyệt vời về khoa học  |c Nhiều tác giả ; Thảo Nguyên (dịch) 
250 |a In lần đầu 
260 |a H.  |b Thế giới  |c 2019 
300 |a 160 tr.  |b Minh họa  |c 30 cm 
520 3 |a Cung cấp những kiến thức cơ bản về khoa học giúp con người khám phá các hiện tượng khoa học xảy ra xung quanh chúng ta như: Những vụ nổ lớn, phản ứng hoá học, những vật liệu kỳ diệu, vũ trụ khổng lồ...  
653 |a Tham khảo 
710 0 |a Thảo Nguyên  |b Dịch 
942 |2 ddc  |c BK 
952 |0 0  |1 0  |2 ddc  |4 0  |6 500_000000000000000_Q527S  |7 0  |9 31163  |a 000001  |b 000001  |d 2025-07-03  |o 500 Q527S  |p TK.05467  |r 2025-07-03  |v 199000.00  |w 2025-07-03  |y BK 
980 |a Thư viện Trường Đại học Nam Cần Thơ